MARC

LEADER 00000nam0a2200000 4500
001 334899
005 20231102004711.0
035 |a (RuTPU)RU\TPU\book\361201 
090 |a 334899 
100 |a 20170908d1962 k y0rusy50 ca 
101 0 |a rus 
102 |a RU 
105 |a y z 001zy 
200 1 |a О гидратных формах протона в водных растворах  |e отдельный оттиск  |f Н. Е. Хомутов, В. В. Цодиков  |g Московский химико-технологический институт им. Д. И. Менделеева (МХТИ) 
210 |a Москва  |c Изд-во МХТИ  |d 1962 
215 |a 6 с. 
225 1 |a Труды Московского химико-технологического института им. Д. И. Менделеева (МХТИ)  |v Вып. 32 
225 1 |a Исследования в области электрохимии 
320 |a Библиогр. в конце ст. 
606 1 |a Водные растворы  |2 stltpush  |3 (RuTPU)RU\TPU\subj\70693  |9 84898 
610 1 |a водородные ионы 
610 1 |a протоны 
610 1 |a гидраты 
610 1 |a формулы 
610 1 |a таблицы 
610 1 |a расчеты 
610 1 |a библиотека А. Г. Стромберга 
675 |a 544.355  |v 4 
700 1 |a Хомутов  |b Н. Е. 
701 1 |a Цодиков  |b В. В. 
712 0 2 |a Московский химико-технологический институт им. Д. И. Менделеева (МХТИ)  |2 stltpush  |3 (RuTPU)RU\TPU\col\1701 
801 1 |a RU  |b 63413507  |c 20170908 
801 2 |a RU  |b 63413507  |c 20171208  |g RCR 
942 |c BK